[Event "5th GRENKE Chess Classic 2018"]
[Site "Baden-Baden"]
[Date "2018.04.01"]
[Round "2"]
[White "Vitiugov, Nikita"]
[Black "Meier, Georg"]
[Result "1-0"]
[WhiteElo "2735"]
[BlackElo "2648"]
[Annotator "TA"]
[PlyCount "77"]
[EventDate "2018.??.??"]
[EventType "tourn"]
[EventCountry "GER"]
[SourceTitle "playchess.com"]
[Source "ChessBase"]
[SourceQuality "1"]

{[%evp 13,77,7,19,0,0,2,2,2,0,6,27,26,57,57,54,54,61,57,57,63,59,57,65,39,49,32,46,26,25,18,22,28,81,74,81,72,78,77,68,63,71,68,263,265,236,139,294,299,281,269,381,404,324,368,403,386,391,403,560,553,1067,994,29992,29993,29994,29994]} 1. e4 e6 2. d4 d5 3. e5 c5 4. c3 Nc6 5. Nf3 Qb6 6. a3 Nh6 7. b4 {C02: French: Advance Variation} cxd4 {LiveBook: 907 Games} 8. b5 (8. cxd4 Nf5 9. Be3 Bd7 10. Bd3 Rc8 11. O-O Nxe3 12. fxe3 Be7 13. Qe1 f6 14. exf6 Bxf6 15. Kh1 a5 16. b5 Ne7 17. Nc3 O-O 18. Na4 Qd6 19. Qxa5 {1-0 (33) McShane,L (2644)-Howell,D (2702) Llandudno 2017}) 8... Na5 $1 9. Bxh6 $146 {The position is equal.} ({Predecessor:} 9. Nxd4 Bc5 10. Be3 Nf5 11. Nxf5 exf5 12. Bd4 f4 13. Be2 Bf5 14. O-O O-O {0-1 (29) Gregory,S (2173)-Buckley,S (2237) Torquay 2002}) 9... gxh6 10. cxd4 Bd7 11. Nbd2 Rc8 12. a4 Qc7 13. Bd3 Qc3 14. Ke2 Be7 15. Rc1 Qxc1 16. Qxc1 Rxc1 17. Rxc1 Bd8 18. Nf1 Bb6 19. Rc3 Ke7 20. Ng3 a6 21. Ke3 axb5 22. axb5 Nc4+ (22... Ra8 $11 {keeps the balance.}) 23. Bxc4 $16 Rc8 24. Nd2 Ba5 25. Rc2 {[#] And now Bd3 would win.} dxc4 26. Nge4 c3 27. Nb1 {[%cal Rb1c3]} Rg8 $2 ({Wrong is} 27... Bxb5 $2 28. Nd6 $18) ({Black should play} 27... Rc7 $14) 28. Nbxc3 $18 Rxg2 {[#]} 29. Nd6 (29. d5 $1 $18) 29... Rxh2 $2 (29... Bxc3 $16 30. Rxc3 b6) 30. Nxb7 Bb6 31. Nc5 h5 (31... Rh4 $142 32. N3a4 Bxc5 33. Rxc5 Rh1) 32. Nxd7 Kxd7 {[%mdl 4096] Endgame KRB-KRN} 33. Ne4 h4 34. Rc6 Bd8 35. Nc5+ Ke8 36. b6 Rh1 37. b7 h3 38. b8=Q h2 39. Rc8 {Precision: White = 72%, Black = 41%.} 1-0

[Event "5th GRENKE Chess Classic 2018"]
[Site "Baden-Baden"]
[Date "2018.04.02"]
[Round "3"]
[White "Anand, Viswanathan"]
[Black "Aronian, Levon"]
[Result "1/2-1/2"]
[WhiteElo "2776"]
[BlackElo "2794"]
[Annotator "TA"]
[PlyCount "62"]
[EventDate "2018.??.??"]
[EventType "tourn"]
[EventCountry "GER"]
[SourceTitle "playchess.com"]
[Source "ChessBase"]
[SourceQuality "1"]

{[%evp 12,62,11,6,13,20,23,14,19,11,11,4,10,6,42,18,27,28,22,19,28,13,29,13,25,0,0,0,18,17,29,16,34,20,34,35,43,42,47,16,14,15,15,15,18,0,14,10,18,0,4,0,11]} 1. e4 e5 2. Nf3 Nc6 3. Bb5 Nf6 4. d3 {[%cal Bd2d3,Bd3d4,Bd4d5][%mdl 32]} Bc5 5. c3 O-O 6. O-O {C65: Ruy Lopez: Berlin Defence (3...Nf6), unusual lines and 4 0-0 Bc5} Re8 (6... d5 7. Nbd2 dxe4 8. dxe4 a5 9. Bxc6 bxc6 10. Nxe5 Re8 11. Nxc6 Qd7 12. Nd4 Bxd4 13. cxd4 Qxd4 14. Nf3 Qxe4 15. Re1 Qc6 16. Rxe8+ Nxe8 17. Be3 Bb7 18. Rc1 Qb5 19. Rc2 Ra6 20. Rd2 {½-½ (20) Karjakin,S (2763)-Anand,V (2776) Moscow 2018}) 7. Bg5 {LiveBook: 71 Games} (7. Re1 a6 8. Ba4 b5 9. Bb3 d6 10. Nbd2 Bb6 11. Nf1 Ne7 12. Ng3 Ng6 13. h3 h6 {½-½ (41) Anand,V (2783)-Aronian,L (2809) Paris/St Petersburg 2013}) 7... Be7 8. Re1 $146 ({Predecessor:} 8. Nbd2 h6 9. Bh4 d6 10. a4 a6 11. Bc4 Be6 12. Bxe6 fxe6 13. b4 Qd7 {1-0 (53) Ter Sahakyan,S (2581)-Petrosyan,M (2546) Skopje 2017}) 8... d6 9. d4 Bd7 10. d5 Nb8 $1 11. Bxf6 Bxf6 12. a4 Be7 13. Na3 Rf8 14. Bxd7 Nxd7 15. Nc4 {[%cal Ba3c4,Bc4d2,Bd2b1][%mdl 32]} Kh8 16. b4 g6 17. a5 a6 18. Ncd2 f5 19. h3 Bg5 20. c4 Bh6 21. Nb1 fxe4 22. Rxe4 Nf6 23. Re1 Qd7 24. Nc3 Rf7 25. Ne4 Nxe4 {The position is equal.} 26. Rxe4 Raf8 27. Ra3 Rf4 28. Rae3 R4f6 29. Rc3 Rf4 30. Rce3 R4f6 31. Rc3 Rf4 {Precision: White = 44%, Black = 58%.} 1/2-1/2

[Event "5th GRENKE Chess Classic 2018"]
[Site "Baden-Baden"]
[Date "2018.04.02"]
[Round "3"]
[White "Naiditsch, Arkadij"]
[Black "Vitiugov, Nikita"]
[Result "1/2-1/2"]
[WhiteElo "2701"]
[BlackElo "2735"]
[Annotator "TA"]
[PlyCount "86"]
[EventDate "2018.??.??"]
[EventType "tourn"]
[EventCountry "GER"]
[SourceTitle "playchess.com"]
[Source "ChessBase"]
[SourceQuality "1"]

{[%evp 11,86,9,8,6,3,0,-5,-4,2,-25,-12,-12,-2,-17,5,0,0,0,8,-16,-16,-17,-12,-10,-16,-9,-7,-31,-15,-30,-14,-18,-14,-22,-12,-18,-20,-20,-2,-35,-35,-35,-35,-38,-40,-41,-16,-22,-27,-28,-22,-16,-18,-22,-22,-14,-21,-18,-14,-14,-14,-29,-4,-4,-4,-4,-4,-5,-6,-6,-6,-6,-6,-6,-6,-6,-3]} 1. e4 e5 2. Nf3 Nc6 3. Bb5 a6 4. Ba4 Nf6 5. d3 Bc5 6. c3 d6 {LiveBook: 17 Games. C77: Ruy Lopez: 3...a6 4 Ba4 Nf6, unusual lines} (6... b5 7. Bb3 d6 8. Nbd2 O-O 9. Nf1 d5 10. exd5 Nxd5 11. Ng3 f6 12. O-O Be6 13. Ne4 Be7 14. d4 exd4 15. Nxd4 Nxd4 16. Qxd4 {½-½ (30) Caruana,F (2799)-So,W (2788) London 2017}) 7. Bg5 Ba7 8. Nbd2 {[%cal Bb1d2,Bd2f1,Bf1e3,Be3f5][%mdl 32]} h6 $146 ({Find the theoretical novelty and annotate with similar games:} 8... O-O 9. O-O Bg4 10. h3 Bh5 11. Re1 Qe7 12. Nf1 Nd8 13. Ne3 Bxe3 14. fxe3 {0-1 (49) Brcar,A (1940)-Tomazini,Z (2170) Slovenia 2010}) 9. Bh4 Bd7 10. Nf1 g5 11. Bg3 Ne7 12. Ne3 Ng6 13. Nf5 Ne7 14. Ne3 Ng6 15. Bb3 Qe7 16. Qc2 O-O-O 17. O-O-O Nf4 18. Rhe1 N4h5 19. Nd2 Nxg3 20. hxg3 Ng4 21. Ndf1 Nxe3 22. Nxe3 Bxe3+ 23. Rxe3 h5 24. d4 h4 25. Ba4 Bxa4 26. Qxa4 hxg3 27. Rxg3 Rh4 28. Re3 Rdh8 29. dxe5 Qxe5 30. Qd4 Qxd4 31. cxd4 $11 {[%mdl 4096] Endgame KRR-KRR} Rf4 32. Rd2 Rh1+ 33. Kc2 Rf1 34. Ree2 Kd7 35. Kd3 c6 36. Ke3 d5 37. exd5 {The position is equal.} cxd5 38. f3 Rf6 39. Kd3 Re6 40. Rc2 Rd1+ 41. Red2 Ree1 42. Rxd1 Rxd1+ 43. Rd2 Re1 {Precision: White = 63%, Black = 70%.} 1/2-1/2

[Event "5th GRENKE Chess Classic 2018"]
[Site "Baden-Baden"]
[Date "2018.04.02"]
[Round "3"]
[White "Hou, Yifan"]
[Black "Vachier-Lagrave, Maxime"]
[Result "0-1"]
[WhiteElo "2654"]
[BlackElo "2789"]
[Annotator "TA"]
[PlyCount "92"]
[EventDate "2018.??.??"]
[EventType "tourn"]
[EventCountry "GER"]
[SourceTitle "playchess.com"]
[Source "ChessBase"]
[SourceQuality "1"]

{[%evp 18,92,18,8,13,22,26,22,30,7,20,18,20,9,28,0,35,0,7,0,5,0,45,41,74,73,71,0,37,14,9,0,0,-12,-17,-20,-12,-27,-8,-4,-6,-10,-13,-5,-8,-77,-88,-77,-79,-300,-310,-302,-305,-296,-281,-361,-361,-355,-355,-354,-350,-343,-251,-343,-332,-318,-281,-358,-335,-436,-414,-418,-404,-412,-404,-393,-386]} 1. Nf3 c5 2. c4 Nf6 3. g3 g6 4. b3 Bg7 5. Bb2 b6 6. Bg2 Bb7 7. O-O O-O 8. d4 cxd4 9. Qxd4 Nc6 10. Qc3 {LiveBook: 3 Games. A30: Symmetrical English: Double Fianchetto and Hedgehog} Qc7 $146 ({Predecessor:} 10... Rc8 11. Rd1 Qc7 12. Qe1 Qb8 13. Nc3 Rfd8 14. Rac1 e6 15. Ng5 h6 16. Nge4 Nxe4 17. Bxe4 Ne7 {1-0 (88) Aronian,L (2780)-Vachier Lagrave,M (2783) Leuven 2017}) 11. Rd1 Rad8 12. Na3 {White has an edge.} a6 13. Rac1 Rfe8 14. Qe1 Qb8 15. Nc2 b5 16. c5 d5 17. cxd6 Rxd6 18. Rxd6 Qxd6 19. Nfd4 Nd5 20. Ba3 Qd7 {[#]} 21. Nxc6 $1 Bxc6 22. e4 ({White should try} 22. Ne3 $16 {Nxd5 is the strong threat.} e6 23. Qd2) 22... Nc7 23. Nb4 (23. Rd1 $5 {[%cal Rd1d7]} Qc8 24. Ne3 $14) 23... Bb7 24. Rd1 Qc8 25. Qe3 a5 26. Nd3 b4 27. Bb2 Bxb2 28. Nxb2 Nb5 29. Nc4 Nc3 $36 {[%mdl 2048] Black has good play.} 30. Rd2 Rd8 31. Nxa5 (31. a4 $11 {keeps the balance.}) 31... Rxd2 $17 32. Qxd2 {[#]} Ba6 $1 33. Bf1 $2 (33. Bf3 $17) 33... Bxf1 $19 34. Kxf1 Qa8 ({Weaker is} 34... Nxe4 35. Qxb4 Qa6+ 36. Kg2 $11) 35. Nc4 Qxe4 {[%cal Re4h1]} 36. Kg1 Ne2+ 37. Kf1 Nd4 {[%cal Re4h1]} 38. f3 Qxf3+ 39. Qf2 {and the idea Qxf3 leaves White hopeful.} Qh1+ 40. Qg1 Qe4 {[%csl Gd4][%cal Re4e2]} 41. Qf2 f6 ({But not} 41... Qh1+ 42. Qg1 $19) 42. Ne3 Kf7 ({Resist} 42... Qh1+ 43. Qg1 $19) 43. h4 Qh1+ 44. Qg1 {Black is winning.} Qxg1+ 45. Kxg1 Ne2+ 46. Kf2 Nc3 {Precision: White = 33%, Black = 57%.} 0-1

[Event "5th GRENKE Chess Classic 2018"]
[Site "Baden-Baden"]
[Date "2018.04.02"]
[Round "3"]
[White "Meier, Georg"]
[Black "Caruana, Fabiano"]
[Result "0-1"]
[WhiteElo "2648"]
[BlackElo "2784"]
[Annotator "TA"]
[PlyCount "74"]
[EventDate "2018.??.??"]
[EventType "tourn"]
[EventCountry "GER"]
[SourceTitle "playchess.com"]
[Source "ChessBase"]
[SourceQuality "1"]

{[%evp 17,74,5,22,0,0,0,8,0,0,0,0,-29,-30,-67,0,0,1,0,0,0,0,-17,-9,-14,0,-150,-174,-191,-189,-234,-241,-203,0,0,0,0,0,-47,-10,-854,-819,-819,-328,-187,-62,-59,-62,-292,-277,-5947,-5759,-29993,-29994,-29994,-29995,-29996,-29997,-29997,-150]} 1. e4 e5 2. Nf3 Nc6 3. Bb5 a6 4. Bxc6 dxc6 5. O-O Qf6 6. d4 {C68: Ruy Lopez: Exchange Variation, sidelines} exd4 7. Bg5 Qd6 8. Nxd4 Be7 9. Be3 Nh6 {LiveBook: 4 Games} 10. Qd2 g5 $146 ({Predecessor:} 10... Qg6 11. f3 Bd7 12. Nc3 O-O-O 13. Qf2 f6 {1-0 (36) Naiditsch,A (2724)-Maiorov,N (2548) Bastia 2013}) 11. Nf3 Rg8 $1 12. h4 {[%cal Rh4g5]} Qg6 13. hxg5 Ng4 14. Nc3 {[%cal Bb1c3,Bc3e2,Be2g3][%mdl 32]} h6 {[%cal Rh6g5]} 15. Bf4 Be6 (15... hxg5 $15 16. Bxc7 Qh7) 16. Bxc7 $11 Rc8 17. Bb6 hxg5 {Hoping for ...Qh6.} 18. Ne2 c5 19. Ng3 $1 Rh8 20. Rfd1 Qh6 21. b4 (21. Qd3 $11) 21... cxb4 $17 22. Bd4 f6 23. c3 bxc3 24. Bxc3 Kf7 $2 (24... Nh2 $1 $19 {[%cal Rh2f3]} 25. Nd4 Nf1 $1 {[%mdl 512]}) 25. Rac1 $1 $11 Rc4 26. Bd4 b5 $36 {[%cal Bb7b5,Bb5c4][%mdl 2080] Black fights for an advantage.} (26... Bd6 $5 27. e5 $8 Bxe5 28. Bxe5 Nxe5 29. Nxe5+ fxe5 $11) 27. Qa5 {Strongly threatening Rxc4.} Nh2 {...Nxf3+ is the strong threat.} (27... Bd6 $5 28. e5 $8 Bxe5 29. Bxe5 Nxe5 30. Nxe5+ fxe5 31. Qxa6 g4 32. Qa7+ Kf6 $15) 28. Qxa6 $2 {[%mdl 8192]} (28. Ne1 $11) 28... Nxf3+ $19 29. gxf3 g4 (29... Qh2+ $142 30. Kf1 Rhc8 31. Qxc8 Bxc8) 30. f4 {[#]} Qxf4 (30... Qh2+ $1 $19 31. Kf1 Rhc8) 31. Rxc4 $1 $15 bxc4 32. Be3 $2 (32. Qa5 $15) 32... Qf3 $19 33. Rd6 $2 (33. Rb1 Rh3 34. Qa7 Rxg3+ 35. fxg3 Qxg3+ 36. Kf1) 33... Rh3 34. Rxe6 Rxg3+ $1 {Black mates.} 35. fxg3 Qxe3+ 36. Kh2 Qf2+ 37. Kh1 Qf1+ {Precision: White = 38%, Black = 55%.} 0-1

[Event "5th GRENKE Chess Classic 2018"]
[Site "Baden-Baden"]
[Date "2018.04.02"]
[Round "3"]
[White "Bluebaum, Matthias"]
[Black "Carlsen, Magnus"]
[Result "1/2-1/2"]
[WhiteElo "2631"]
[BlackElo "2843"]
[Annotator "TA"]
[PlyCount "120"]
[EventDate "2018.??.??"]
[EventType "tourn"]
[EventCountry "GER"]
[SourceTitle "playchess.com"]
[Source "ChessBase"]
[SourceQuality "1"]

{[%evp 26,120,18,16,10,0,0,0,0,0,0,0,0,0,0,0,0,0,0,0,0,0,0,0,0,0,0,0,0,0,0,0,0,0,0,0,0,0,0,0,0,-5,0,0,0,0,0,0,0,0,0,0,0,0,0,0,0,0,0,0,0,0,0,0,0,0,0,0,0,0,0,0,0,0,0,0,0,0,0,0,8,8,8,0,0,-8,-8,-8,-8,-8,-8,-8,-8,-8,-8,-8,-8]} 1. d4 Nf6 2. c4 g6 3. Nc3 Bg7 4. e4 d6 5. Nf3 O-O 6. Be2 e5 7. Be3 exd4 8. Nxd4 Re8 9. f3 c6 10. Bf2 d5 11. exd5 cxd5 12. O-O Nc6 13. c5 a6 {E92: King's Indian: Classical: 6 Be2 e5: 7 dxe5, 7 Be3 and Petrosian System without 7...Nbd7} (13... Bf8 14. Kh1 Bd7 15. Qd2 Rc8 16. Nb3 d4 17. Nxd4 Bxc5 18. Nxc6 Rxc6 19. Bxc5 Rxc5 20. Rad1 Qe7 21. Qd4 {½-½ (38) Inarkiev,E (2732)-Radjabov,T (2722) Monzon 2016}) 14. Qd2 {LiveBook: 4 Games. The position is equal.} Qa5 15. Rfe1 $146 ({Predecessor:} 15. Nb3 Qb4 16. Rfd1 Bf5 17. Bf1 Rac8 18. Rac1 Be6 19. Qc2 Bh6 20. a3 Qf4 21. Nd4 {0-1 (48) Taras,I (2239)-Lloveras Rebell,J (2200) ICCF email 2006}) 15... Qxc5 16. Ne6 Qa5 17. Nxg7 Kxg7 18. a3 d4 19. Bxd4 Nxd4 20. Qxd4 Rd8 21. Qe3 Bd7 22. Rad1 Be6 23. Rxd8 Rxd8 24. Rd1 Rxd1+ 25. Bxd1 Qd8 26. Be2 Qd6 27. f4 Bd7 28. Bf3 Bc6 29. Bxc6 Ng4 30. Qg3 Qc5+ $1 31. Kf1 Ne3+ 32. Ke2 Nf5 33. Qf2 Qxc6 34. g4 Qc4+ 35. Kd2 Nd4 36. Qe3 Nc6 37. Ne2 h5 38. h3 hxg4 39. hxg4 {[#]} g5 $1 {[%mdl 512]} 40. fxg5 Qxg4 41. Qc3+ Kg8 42. Qf6 Qg2 43. Ke3 Qh3+ 44. Kd2 Qd7+ 45. Kc2 Ne7 46. Nc3 Ng6 47. b4 (47. Qf3 {seems wilder.} Ne5 48. Qe4 Qc7 49. Qd5 Nc4 50. Kb3) 47... Nf8 48. Qe5 Qe6 49. Qxe6 (49. Qf4 {looks sharper.} b5 50. Qf6 Qc8 51. Kb2 Qe6 52. Qxe6 Nxe6 53. Ne4) 49... Nxe6 $11 {[%mdl 4096] Endgame KN-KN} 50. Ne4 Kg7 51. a4 b6 52. Kc3 Kg6 53. Kc4 {next b5 is good for White.} Nxg5 54. Nd6 {And now b5 would win.} f5 {[#]} 55. Nxf5 $1 {[%mdl 512]} Kxf5 {KN-KPP} 56. Kd5 Nf3 {Hoping for ...Ne5.} 57. Kc6 {[#]} b5 $1 58. axb5 Nd4+ 59. Kc5 Nxb5 60. Kb6 Ke5 {Precision: White = 79%, Black = 90%.} 1/2-1/2

[Event "5th GRENKE Chess Classic 2018"]
[Site "Baden-Baden"]
[Date "2018.04.04"]
[Round "4"]
[White "Carlsen, Magnus"]
[Black "Vachier-Lagrave, Maxime"]
[Result "1/2-1/2"]
[WhiteElo "2843"]
[BlackElo "2789"]
[Annotator "TA"]
[PlyCount "80"]
[EventDate "2018.??.??"]
[EventType "tourn"]
[EventCountry "GER"]
[SourceTitle "playchess.com"]
[Source "ChessBase"]
[SourceQuality "1"]

{[%evp 18,80,60,51,50,54,77,28,28,30,28,29,29,15,12,26,23,8,12,6,8,9,7,0,13,17,32,32,32,20,35,35,35,35,35,35,28,20,24,0,35,35,28,16,15,0,0,0,0,0,0,0,0,0,0,0,0,0,0,-8,0,0,0,0,0]} 1. Nf3 c5 2. c4 Nc6 3. Nc3 e5 {[%cal Be7e5,Be5e4][%mdl 32]} 4. e3 Nf6 5. d4 e4 6. d5 {A34: Symmetrical English: 2 Nc3, lines with ...d5} exf3 7. dxc6 fxg2 8. cxd7+ Bxd7 9. Bxg2 g6 10. b3 {LiveBook: 3 Games} Bg7 11. Qd6 Qb6 12. Qxb6 $146 (12. Qe5+ {is more complex.} Kf8 13. Bb2 Nh5 14. Qd5 Bc6 15. Qd6+) ({Predecessor:} 12. Qe5+ Kf8 13. Bb2 {1-0 (68) Grischuk,A (2750)-Vachier Lagrave,M (2795) chess.com INT 2017}) 12... axb6 13. Bb2 ({Much weaker is} 13. Bxb7 Ra7 $17) 13... Bc6 14. O-O Ke7 15. Nd5+ Bxd5 $1 16. cxd5 Rhg8 17. d6+ Kxd6 18. Rad1+ Ke7 19. Be5 Rgd8 20. Bxb7 Rxd1 (20... Ra7 {keeps more tension.} 21. Rxd8 Kxd8 22. Bc6 Rxa2 23. Rd1+ Kc8) 21. Rxd1 Rd8 22. Rxd8 Kxd8 $14 {[%mdl 4096] Endgame KBB-KBN} 23. Kf1 Ne8 24. Bg3 Kd7 25. a4 f5 26. f3 Ke6 27. Bc8+ Kd5 28. Bb7+ Ke6 29. Bc6 Nd6 30. Bf2 Be5 {The position is equal.} 31. h4 f4 32. exf4 Bxf4 33. a5 bxa5 34. Bxc5 Nf5 35. Bb6 Bd2 36. Bd8 Nd4 37. Ba4 $1 Kd6 38. Kg2 Ne6 39. Bb6 Nc5 40. Bxc5+ Kxc5 {Precision: White = 62%, Black = 82%.} 1/2-1/2

[Event "5th GRENKE Chess Classic 2018"]
[Site "Baden-Baden"]
[Date "2018.04.04"]
[Round "4"]
[White "Caruana, Fabiano"]
[Black "Naiditsch, Arkadij"]
[Result "1-0"]
[WhiteElo "2804"]
[BlackElo "2701"]
[Annotator "TA"]
[PlyCount "83"]
[EventDate "2018.??.??"]
[EventType "tourn"]
[EventCountry "GER"]
[SourceTitle "playchess.com"]
[Source "ChessBase"]
[SourceQuality "1"]

{[%evp 14,83,45,33,44,37,38,29,29,23,44,50,51,35,37,33,41,34,40,31,54,41,44,56,82,10,10,9,18,19,25,15,15,10,4,9,5,7,4,8,10,5,7,0,0,0,42,0,0,0,0,0,0,0,37,0,191,171,335,334,346,343,796,775,12827,12828,12829,12829,1106,709,12836,668]} 1. e4 e5 2. Nf3 Nc6 3. Bb5 Nf6 4. d3 d6 5. O-O Bd7 6. Re1 {C66: Ruy Lopez: Steinitz Defence} (6. c3 g6 7. h3 Bg7 8. Be3 O-O 9. Nbd2 Nh5 10. Ba4 Kh8 11. d4 f5 12. exf5 gxf5 13. dxe5 dxe5 14. Nxe5 Nxe5 15. Bxd7 Qxd7 16. Qxh5 {1-0 (30) Grischuk,A (2772)-Wang,H (2709) Huaian 2017}) 6... Be7 7. c3 O-O 8. h3 {LiveBook: 7 Games. White is slightly better.} Re8 9. a4 Bf8 $146 ({Predecessor:} 9... h6 10. a5 a6 11. Bc4 Qc8 12. d4 Bf8 13. Nbd2 exd4 14. cxd4 {½-½ (31) Bartel,M (2662)-Aleksandrov,A (2544) Yerevan 2014}) 10. Bg5 {[%cal Bc1g5,Bg5h4,Bh4g3][%mdl 32]} h6 11. Bh4 g5 12. Bg3 Ne7 13. Bxd7 (13. Bc4 {feels hotter.} c6 14. d4 Ng6 15. Nbd2 a5 16. Qb3) 13... Qxd7 14. Nbd2 Ng6 15. Nc4 Rad8 16. Ne3 d5 17. exd5 Bg7 18. d4 {[%cal Rf3e5]} exd4 19. cxd4 (19. Qxd4 $16 Ne4 20. Qc4 (20. Qxa7 f5 $11)) 19... Nxd5 $11 20. Nxd5 Rxe1+ 21. Qxe1 {[#] Ne3 is the strong threat.} Qxd5 22. Bxc7 Rc8 23. Rc1 Bxd4 24. Qd2 Qd7 $1 25. Nxd4 Rxc7 26. Rxc7 Qxc7 27. Nf5 Kh7 $1 28. g3 Ne5 29. Qe3 Nc4 30. Qc3 {[%csl Gf5][%cal Rc3g7]} (30. Qe8 $5 {[%cal Rf5e7]} Nd2 31. Kh2 $14) 30... Qe5 31. Qd3 Nxb2 32. Qc2 {Hoping for Nd4+.} Qe1+ 33. Kg2 Qd1 34. Qe4 Qxa4 $2 (34... Qd7 $11 {and Black has nothing to worry.}) 35. Qxb7 $18 Qa2 $2 {[#]} (35... Qe8) 36. Ne3 $1 Kg7 {White should prevent ...Nd3.} 37. Qb4 Qb1 $2 (37... Kg8) 38. g4 {White is clearly winning.} Kg8 39. Nf5 Qc2 40. Qb8+ Kh7 41. Qb7 Kh8 42. Qe7 {Precision: White = 48%, Black = 52%.} (42. Qd5 $142 Kg8 43. Qd8+ Kh7 44. Qf6 Qe4+ 45. Kh2 Qf4+ 46. Kg1 Qxf5 47. gxf5) 1-0

[Event "5th GRENKE Chess Classic 2018"]
[Site "Baden-Baden"]
[Date "2018.04.04"]
[Round "4"]
[White "Aronian, Levon"]
[Black "Hou, Yifan"]
[Result "1/2-1/2"]
[WhiteElo "2767"]
[BlackElo "2657"]
[Annotator "TA"]
[PlyCount "78"]
[EventDate "2018.??.??"]
[EventType "tourn"]
[EventCountry "GER"]
[SourceTitle "playchess.com"]
[Source "ChessBase"]
[SourceQuality "1"]

{[%evp 21,78,11,18,23,4,8,16,10,17,18,15,12,13,13,13,16,9,9,17,10,13,10,9,0,6,0,2,0,9,9,13,0,3,0,21,17,17,15,14,0,0,0,0,-4,-2,-14,-2,-13,-13,-20,-20,-21,-5,-5,0,-11,0,-8,0]} 1. c4 e6 2. g3 Nf6 3. Bg2 d5 4. Nf3 Be7 5. O-O O-O 6. d4 dxc4 7. Qc2 a6 8. a4 c5 9. dxc5 Bxc5 {E05: Open Catalan: 5 Nf3 Be7} 10. Qxc4 (10. Bg5 h6 11. Bxf6 Qxf6 12. Nbd2 Bd7 13. Ne4 Qe7 14. Ne5 Rc8 15. Nxc5 Rxc5 16. Bxb7 Ra7 17. Nxd7 Nxd7 {1-0 (33) Giri,A (2772)-Sethuraman,S (2618) Tbilisi 2017}) 10... b6 11. Ne5 Ra7 $1 {LiveBook: 5 Games} 12. Nd3 Be7 13. Bf4 {The position is equal.} Bb7 14. Bxb7 Rxb7 {[#]} 15. Rc1 $146 ({Predecessor:} 15. Nd2 b5 16. axb5 axb5 17. Qc2 {½-½ (40) Piorun,K (2644)-Hou,Y (2652) Tbilisi 2017}) 15... Nd5 16. Bxb8 b5 17. axb5 axb5 18. Qb3 {[#] Strongly threatening Be5.} Qxb8 19. Nd2 {[%cal Bb1d2,Bd2f3,Bf3d4][%mdl 32]} Rc8 20. Nf3 g6 21. Nd4 Rxc1+ 22. Rxc1 Bf6 23. Nc6 Qa8 24. Ncb4 Nxb4 25. Qxb4 Kg7 26. Qe4 Qa7 27. Qc6 Rb6 28. Qc5 Be7 29. Qe3 Qb7 30. Ne5 Ra6 31. h3 Bf6 32. Kh2 h5 33. Nd3 {[#] Nc5 is the strong threat.} Ra8 34. Qc5 Ra4 35. b3 Ra2 36. Rc2 Ra1 {[%csl Ga1][%cal Rb7h1]} 37. Rc1 Ra2 38. Rc2 Ra1 {[%csl Ga1][%cal Rb7h1]} 39. Rc1 Ra2 {Precision: White = 55%, Black = 67%.} 1/2-1/2

[Event "5th GRENKE Chess Classic 2018"]
[Site "Baden-Baden"]
[Date "2018.04.04"]
[Round "4"]
[White "Vitiugov, Nikita"]
[Black "Anand, Viswanathan"]
[Result "1/2-1/2"]
[WhiteElo "2735"]
[BlackElo "2776"]
[Annotator "TA"]
[PlyCount "75"]
[EventDate "2018.??.??"]
[EventType "tourn"]
[EventCountry "GER"]
[SourceTitle "playchess.com"]
[Source "ChessBase"]
[SourceQuality "1"]

{[%evp 11,75,15,18,12,21,3,34,16,21,19,1,9,18,-20,-3,-2,-6,-6,-5,-1,0,-4,0,0,-6,-8,0,0,0,0,0,0,0,0,0,0,0,0,0,0,0,-4,-4,-4,-4,-4,-4,-10,-2,-4,-1,-1,-1,-1,0,0,0,0,0,0,0,0,0,0,0,0]} 1. e4 c6 2. d4 d5 3. e5 c5 4. dxc5 e6 5. Nf3 Bxc5 6. Bd3 {B12: Caro-Kann: Advance Variation} Ne7 {[%cal Bg8e7,Be7g6,Bg6f4,Bf4d3][%mdl 32] LiveBook: 31 Games} 7. O-O Ng6 8. a3 O-O 9. Nbd2 $146 ({Predecessor:} 9. b4 Bb6 10. Ng5 Nc6 11. Qh5 h6 12. Nxf7 Rxf7 13. Bxg6 {1-0 (29) Shirov,A (2693)-Ganaus,H (2289) Zuerich 2017}) 9... Nc6 {The position is equal.} 10. b4 Bb6 11. Bb2 Nf4 12. Nb3 a5 13. Qd2 Nxd3 14. cxd3 d4 15. bxa5 Bxa5 16. Nxa5 Rxa5 17. Nxd4 Nxe5 18. Rfe1 Rd5 19. Rxe5 Rxe5 {[#]} 20. Nc6 $1 {[%cal Rc6d8][%mdl 512]} bxc6 ({But not} 20... Qg5 $2 21. f4 $18) 21. Bxe5 f6 22. Bc3 c5 23. d4 cxd4 24. Qxd4 Qxd4 25. Bxd4 $11 {[%mdl 4096] Endgame KRB-KRB} Rd8 26. Bb6 Rd6 27. Bc5 Rd5 28. Be3 Bd7 29. h3 Ba4 30. Rc1 Rd1+ 31. Rxd1 Bxd1 {KB-KB} 32. f3 e5 33. h4 h5 34. Kf2 Kf7 35. Ke1 Ba4 36. Kf2 Bd1 37. Ke1 Ba4 38. Kf2 {Precision: White = 75%, Black = 72%.} 1/2-1/2

[Event "5th GRENKE Chess Classic 2018"]
[Site "Baden-Baden"]
[Date "2018.04.04"]
[Round "4"]
[White "Bluebaum, Matthias"]
[Black "Meier, Georg"]
[Result "1/2-1/2"]
[WhiteElo "2616"]
[BlackElo "2636"]
[Annotator "TA"]
[PlyCount "88"]
[EventDate "2018.??.??"]
[EventType "tourn"]
[EventCountry "GER"]
[SourceTitle "playchess.com"]
[Source "ChessBase"]
[SourceQuality "1"]

{[%evp 21,88,19,20,7,8,14,18,0,0,0,0,0,16,11,15,0,0,0,0,0,0,0,0,0,0,0,0,0,0,0,0,0,0,0,0,0,0,-3,-4,-8,0,0,0,0,0,0,0,0,0,0,0,0,0,0,0,-8,0,0,0,0,0,0,0,0,0,0,0,0,0]} 1. d4 Nf6 2. c4 e6 3. g3 Bb4+ 4. Bd2 Bxd2+ 5. Qxd2 d5 6. Bg2 c6 7. Nf3 Nbd7 8. O-O b6 9. Ne5 Bb7 10. Nc3 O-O 11. Rac1 Qe7 {The position is equal.} 12. Nxd7 {E16: Queen's Indian: 4 g3 Bb7 5 Bg2 Bb4+} (12. cxd5 cxd5 13. Nb5 a6 14. Rc7 Rab8 15. Rxb7 Rxb7 16. Nc6 Qe8 17. Nd6 Qa8 18. Rc1 Nb8 19. Nxb7 Qxb7 {1-0 (57) Radjabov,T (2724)-Bruzon Batista,L (2664) Tromsoe 2014}) 12... Qxd7 13. b3 $146 ({Predecessor:} 13. Rfd1 dxc4 14. e4 Rfd8 15. Qe2 b5 16. e5 Nd5 17. Ne4 Qe7 18. Nd6 {0-1 (38) Khenkin,I (2570)-Granda Zuniga,J (2605) Elenite 1993}) 13... Ba6 14. cxd5 cxd5 15. Qb2 Qe7 16. Rc2 Rac8 17. Rfc1 h6 18. Nb1 Rfd8 19. Rxc8 Rxc8 20. Rxc8+ Bxc8 21. Bf1 Ba6 22. e3 Bxf1 23. Kxf1 Ne4 24. Nd2 Nd6 25. Qc2 Qd7 26. a4 f6 27. Nf3 Kf7 28. Kg2 Qc8 29. Qxc8 Nxc8 $11 {[%mdl 4096] Endgame KN-KN} 30. Nd2 $1 Ne7 31. Kf3 Nc6 32. Ke2 e5 33. dxe5 fxe5 34. e4 Ke6 35. Kd3 g5 36. exd5+ Kxd5 37. Nc4 h5 38. Ne3+ Ke6 39. Ke4 Nd4 40. b4 g4 41. Nd5 Nf3 42. Nc7+ Kd7 43. Nd5 Ke6 44. Nc7+ Kd7 {Precision: White = 77%, Black = 81%.} 1/2-1/2